| 000 | 01240ngm a22003370a 4500 | ||
|---|---|---|---|
| 001 | PT14661 | ||
| 003 | AR-LpoUNG | ||
| 005 | 20210201235904.0 | ||
| 007 | vd cvaizq | ||
| 008 | 191001s1996||||ag |||||||||||||||||spa d | ||
| 040 |
_aAR-LpoUNG _bspa _cAR-LpoUNG _eaacr |
||
| 041 | _aspa | ||
| 044 | _aag | ||
| 082 | 0 | _a823 531se | |
| 100 | 1 |
_aLeigh, Mike _edir. |
|
| 245 | 1 | 0 | _aSecretos y mentiras |
| 260 |
_aBuenos Aires : _bs.e. _c1996. |
||
| 300 | _aVHS (136 min.) : son., col. | ||
| 505 | 0 | _aLa película obtuvo la Palma de Oro en el Festival de Cannes, el Globo de Oro y cinco nominaciones al Oscar | |
| 520 | _aTras la muerte de su madre adoptiva, Hortense (Marianne Jean-Baptiste), una veinteañera negra, sale en busca de su madre natural, quien la abandonara cuando apenas nació. Cynthia (Brenda Blethyn) es blanca y tiene otra hija, Roxanne (Claire Rushbrook), a quien siempre le ocultó su pasado. El encuentro entre las dos mujeres generará un replanteamiento de la identidad de cada una. | ||
| 650 | 4 | _aADOPCION | |
| 650 | 4 | _aARTISTAS | |
| 650 | 4 | _aFAMILIA | |
| 650 | 4 | _aINFANCIA | |
| 650 | 4 | _aLITERATURA | |
| 650 | 4 | _aNOVELAS | |
| 650 | 4 | _aPADRES | |
| 653 | _aVIDEOS | ||
| 905 | _a14661 | ||
| 942 | _cVIDEO | ||
| 999 |
_c53714 _d53714 |
||